=LDR 00000nam 2200000 4500 =001 INLIS000000000003522 =005 20130612091826 =008 ***********************************Ind** =035 ##$$0010-061300000003522 =041 ##$$a Ind =082 ##$$a 610.730 69 =090 ##$$a 610.730 69, Pri p =100 ##$$a Priharjo, Robert =245 ##$$a Praktik keperawatan profesional, Robert Priharjo =260 ##$$a 1995 $b Jakarta =300 ##$$a ix,117 hlm., ilus., 19cm =650 ##$$a Perawat sebagai Propesi =850 ##$$a NBPNMAT